Loading...
| Social Science | 4 | 3 | 0 | 0 | 90 | 39 | 72.43 | 4 | 7 | 0.00 | 0.00 |
| Fine Arts - Auditory | 2 | 3 | 0 | 1 | 60 | 75 | 106.40 | 3 | 5 | 0.00 | 0.00 |
| Geography | 1 | 4 | 1 | 2 | 50 | 75 | 127.40 | 3 | 5 | 0.00 | 0.00 |
| Science - Other | 1 | 2 | 0 | 0 | 35 | 29 | 77.67 | 2 | 3 | 0.00 | 0.00 |
| History - Ancient/Other | 1 | 1 | 0 | 0 | 25 | 47 | 72.50 | 2 | 2 | 0.00 | 0.00 |
| Current Events | 0 | 2 | 0 | 0 | 20 | 104 | 115.00 | 0 | 2 | 0.00 | 0.00 |
| Fine Arts - Other | 0 | 2 | 0 | 0 | 20 | 103 | 121.50 | 0 | 2 | 0.00 | 0.00 |
| Religion | 0 | 2 | 0 | 0 | 20 | 75 | 84.00 | 1 | 2 | 0.00 | 0.00 |
| Literature - World | 1 | 0 | 0 | 0 | 15 | 64 | 64.00 | 1 | 1 | 0.00 | 0.00 |
| History - World | 1 | 1 | 2 | 0 | 15 | 49 | 72.00 | 1 | 2 | 0.00 | 0.00 |
| History - American | 0 | 1 | 0 | 0 | 10 | 110 | 110.00 | 0 | 1 | 0.00 | 0.00 |
| Science - Biology | 0 | 1 | 0 | 0 | 10 | 79 | 79.00 | 1 | 1 | 0.00 | 0.00 |
| History - European | 0 | 1 | 1 | 0 | 5 | 103 | 103.00 | 0 | 1 | 0.00 | 0.00 |